Samkalin Bhartiya Samaj evam Sanskriti (Record no. 394947)

MARC details
000 -LEADER
fixed length control field 00384 a2200133 4500
000 - LEADER
fixed length control field nam a22 7a 4500
100 ## - MAIN ENTRY--PERSONAL NAME
Personal name Pandey, Vidyadhar
110 ## - MAIN ENTRY--CORPORATE NAME
Corporate name or jurisdiction name as entry element Pandey, Vidyadhar
245 ## - TITLE STATEMENT
Title Samkalin Bhartiya Samaj evam Sanskriti
250 ## - EDITION STATEMENT
Edition statement Latest edition
260 ## - PUBLICATION, DISTRIBUTION, ETC.
Name of publisher, distributor, etc. Swastik Publishers & Distributors
Date of publication, distribution, etc. 2021
264 ## - PRODUCTION, PUBLICATION, DISTRIBUTION, MANUFACTURE, AND COPYRIGHT NOTICE
Name of producer, publisher, distributor, manufacturer Swastik Publishers & Distributors
Date of production, publication, distribution, manufacture, or copyright notice 2021
942 ## - ADDED ENTRY ELEMENTS (KOHA)
Koha item type Books
Holdings
Date last seen Total checkouts Barcode Cost, replacement price Price effective from Koha item type Lost status Source of classification or shelving scheme Damaged status Not for loan Withdrawn status Home library Current library Date acquired Source of acquisition Cost, normal purchase price
25/02/2026   438584 2495.00 25/02/2026 Books   Dewey Decimal Classification       VIVEKANANDA LIBRARY VIVEKANANDA LIBRARY 25/02/2026 1035 1871.25
© Designed and Maintained by Vivekananda Library, MDU Rohtak